| 000 | 00432 a2200121 4500 | ||
|---|---|---|---|
| 245 |
_a428 AD _b : an ordinary year at the end of the Roman Empire _hprint |
||
| 020 | _a9780691136691 (hardc | ||
| 005 | 20191021100226.0 | ||
| 260 |
_anju _bPrinceton University Press _cc2009 |
||
| 084 | _aDG338 .T7313 2009 | ||
| 300 |
_axix, 203 p. : maps _b 25 cm. _cxix, 203 p. : maps ; 25 cm. |
||
| 500 | _aGiusto Traina ; translated by Allan Cameron. | ||
| 999 |
_c13226 _d13226 |
||